| 000 | 01012nam a2200301Ia 4500 | ||
|---|---|---|---|
| 001 | 15735 | ||
| 003 | IT-RoPAU | ||
| 008 | 130308s9999 xx 000 0 und d | ||
| 040 | _aIT-RoPAU | ||
| 040 | _cIT-RoPAU | ||
| 041 | _aFRANCESE | ||
| 100 | _aPohl Jacques | ||
| 100 | _gCodice Aut. SPICS: 2464 | ||
| 245 | _aSymboles et langages-1-Le symbole, clef de l'humain | ||
| 245 | _bSymboles et Langages-1-Le Symbole, Clef de L'Humain | ||
| 250 | _a1a ed. | ||
| 260 | _aPARIS/BRUXELLES | ||
| 260 | _bSodi | ||
| 260 | _c1968 [1° Ed.:1968 - Ed.Ling.Originale:1968] | ||
| 300 | _a"164 p. (prefazione: no ; testo: 164)" | ||
| 500 | _aSimboli e Linguaggi Simbolo Chiave dell'Umano Comunicazione dei Messaggi Simbolo e Messaggio Simboli Interni Simboli Associativi codici Gesto e Linguaggio Tecnica delle Tecniche Parola motivazione dei Segni Funzioni del Linguaggio | ||
| 650 | _aLINGUISTICA | ||
| 650 | _eCodice materia Spics: 3201 | ||
| 942 | _cBK | ||
| 957 | _71 | ||
| 999 |
_c65686 _d65686 |
||
| 999 | _bSI | ||
| 999 | _g1 | ||